Index Religiosus ; IR Elektronische Ressource (Titelsatznr. 55417)
[ MARC ]
| 000 -Satzkennung | |
|---|---|
| Kontrollfeld mit fester Länge | 00860nam a22002771c 4500 |
| 001 - Kontrollnummer | |
| Kontrollfeld | a987678544 |
| 008 - Feld mit fester Länge zur physischen Beschreibung - Allgemeine Angaben | |
| Kontrollfeld mit fester Länge | 161209s eng d |
| 041 ## - Sprachcode | |
| Sprachcode des Textes/der Tonspur oder des separaten Titels | eng |
| 040 ## - Katalogisierungsquelle | |
| Übertragungsstelle | RU-10907106 |
| 003 - Kontrollnummer Identifier | |
| Kontrollfeld | RU-10907106 |
| 245 00 - Titel | |
| Titel | Index Religiosus ; IR Elektronische Ressource |
| 264 ## - Produktion, Veröffentlichung, Distribution, Herstellung und Urheberrechtsvermerk | |
| Produzent, Herausgeber, Distributor, Hersteller | Brepols, |
| Datum der Herstellung, der Veröffentlichung, des Vertriebs oder des Urheberschutzvermerks | [2016] |
| 300 ## - Physische Beschreibung | |
| Umfang | Online-Ressource |
| 338 ## - Datenträgertyp | |
| Datenträgertypbezeichnung | Online-Ressource |
| Datenträgertypcode | cr |
| Quelle | rdacarrier |
| 500 ## - Allgemeine Fußnote | |
| Allgemeine Fußnote | International bibliography of Theology, Church history and religious studies |
| 500 ## - Allgemeine Fußnote | |
| Allgemeine Fußnote | Online-Angebot nicht frei zugänglich, Zugang nur im DHI-Lesesaal |
| 650 #0 - Nebeneintragung unter einem Schlagwort - Sachschlagwort | |
| Sachschlagwort oder geografischer Name als Eintragungselement | Theologie |
| 650 #0 - Nebeneintragung unter einem Schlagwort - Sachschlagwort | |
| Sachschlagwort oder geografischer Name als Eintragungselement | Kirchengeschichte |
| 650 #0 - Nebeneintragung unter einem Schlagwort - Sachschlagwort | |
| Sachschlagwort oder geografischer Name als Eintragungselement | Religionsgeschichte |
| 655 #0 - Indexierungsterm - Genre/Form | |
| Genre/Form oder fokussierter Term | |
| 655 #0 - Indexierungsterm - Genre/Form | |
| Genre/Form oder fokussierter Term | |
| 655 #0 - Indexierungsterm - Genre/Form | |
| Genre/Form oder fokussierter Term | Elektronische Datenbank |
| 856 4# - Elektronische Adresse und Zugriff | |
| URL | <a href="http://apps.brepolis.net/LTool/Entrance.aspx?w=23">http://apps.brepolis.net/LTool/Entrance.aspx?w=23</a> |
| 856 4# - Elektronische Adresse und Zugriff | |
| URL | <a href="http://www.brepolis.net">http://www.brepolis.net</a> |
| 942 ## - Zusätzliche Felder (Koha) | |
| Koha-Medientyp | Elektronische Datenbanken |
| Ausgeschieden | Verloren | Beschädigt | Nicht entleihbar | Heimatbibliothek | Aufenthaltsbibliothek | Aufstellungsort | Erwerbungsdatum | Inventarnummer | Signatur | Barcode | Letzte Aktivität | Preis gültig von | Koha-Medientyp |
|---|---|---|---|---|---|---|---|---|---|---|---|---|---|
| MWN Osteuropa | MWN Osteuropa | Online-Ressource | 09/12/2016 | 16-e00217 | E-16-e00217 | EDB | 55431 | 18/03/2021 | 22/03/2021 | Elektronische Datenbanken |